Loading...
Literature - American Literature | 0 | 4 | 0 | 1 | 40 | 76 | 103.00 | 1 | 4 |
Science - Physics | 0 | 3 | 0 | 0 | 30 | 22 | 72.33 | 1 | 3 |
History - European History | 0 | 1 | 0 | 0 | 10 | 109 | 109.00 | 0 | 1 |
Literature - European Literature | 0 | 1 | 0 | 0 | 10 | 106 | 106.00 | 0 | 1 |
Fine Arts - Classical Music | 0 | 1 | 0 | 0 | 10 | 129 | 129.00 | 0 | 1 |
History - American History | 0 | 1 | 0 | 0 | 10 | 74 | 74.00 | 0 | 1 |
Religion | 0 | 1 | 0 | 0 | 10 | 97 | 97.00 | 1 | 1 |
Social Science | 0 | 1 | 0 | 0 | 10 | 82 | 82.00 | 0 | 1 |
Literature - World Literature | 0 | 0 | 0 | 0 | 0 | 0.00 | 0 | 0 | |
Literature - British Literature | 0 | 0 | 1 | 0 | -5 | 0.00 | 0 | 0 | |
Science - Other Science | 0 | 0 | 1 | 0 | -5 | 0.00 | 0 | 0 | |
Mythology | 0 | 0 | 1 | 0 | -5 | 0.00 | 0 | 0 |